Thuật công tâm

Enregistré dans:
Détails bibliographiques
Auteur principal: Hoàng Thanh
Format: Livre
Langue:Undetermined
Publié: Hà Nội Thanh Niên 1998
Sujets:
Tags: Ajouter un tag
Pas de tags, Soyez le premier à ajouter un tag!
Thư viện lưu trữ: Trung tâm Học liệu Trường Đại học Cần Thơ
LEADER 00495nam a2200193Ia 4500
001 CTU_35959
008 210402s9999 xx 000 0 und d
020 |b 19.000đ 
082 |a 158.1 
082 |b H407 
100 |a Hoàng Thanh 
245 0 |a Thuật công tâm 
245 0 |c Hoàng Thanh 
260 |a Hà Nội 
260 |b Thanh Niên 
260 |c 1998 
650 |a psychology, applied 
904 |i Minh, 000331 
980 |a Trung tâm Học liệu Trường Đại học Cần Thơ